00456nam a22001697a 450000500170000001000150001702000260003203500140005803700090007208200080008110000230008924500690011225000060018126000370018727000420022430000200026620250626103921.0 aENG-145580 a9789382633372c700.00 aEN-129112 bDABD a230 aGupta, Jai Prakash aHindu Scripture:cJai Prakash GuptabDiverse Nature of Hinduism/ a1 aAllahabadbShabd Prakashanc2016 a116/70, Lukerganj bAllahabade211001 a136p.c21cm(Hb)